000 00419nam a2200157Ia 4500
003 GCL
008 140319s9999 xx 000 0 ara d
040 _aGCL /
_cGCL
082 0 4 _a813.01
_bن م
100 1 _aنبيل عبدالحميد
245 1 0 _aقطاع مملكة الفاصوليا /
_cنبيل عبدالحميد
300 _a159 ص
490 _a
650 0 4 _aالقصص العربية
942 _2ddc
_cBK
999 _c37623
_d37623